|
|
|
|
| LEADER |
01686nam a2200301 i 4500 |
| 001 |
00631345 |
| 003 |
GR-PaULI |
| 005 |
20240708140300.0 |
| 008 |
951213s1989 gr g 000 0 gre|c |
| 040 |
|
|
|a GrPaTEI
|b gre
|c GR-PaULI
|e AACR2
|
| 041 |
1 |
|
|a gre
|h eng
|
| 082 |
0 |
4 |
|a 658.3
|2 23
|
| 100 |
1 |
|
|a Blanchard, Kenneth H.
|9 204662
|e συγγραφέας.
|
| 245 |
1 |
2 |
|a Ο μάνατζερ του ενός λεπτού /
|c [Kenneth Blanchard, Spencer Johnson] ; απόδοση στα ελληνικά Κ. Παραπαντάκη.
|
| 250 |
|
|
|a 3η έκδ.
|
| 260 |
|
|
|a Αθήνα :
|b Γαλαίος,
|c 1989.
|
| 300 |
|
|
|a 111 σ. ;
|c 21 εκ.
|
| 500 |
|
|
|a Τίτλος πρωτοτύπου: The one minute manager.
|
| 650 |
|
4 |
|a Διοίκηση και οργάνωση
|9 53
|
| 700 |
1 |
|
|a Johnson, Spencer
|9 204664
|e συγγραφέας.
|
| 700 |
1 |
|
|a Παραπαντάκη, Κάτια Ρ.
|e μεταφράστρια.
|9 3945
|
| 765 |
0 |
8 |
|i Μετάφραση του:
|t The one minute manager
|
| 942 |
|
|
|2 ddc
|c BK
|
| 952 |
|
|
|0 0
|1 0
|2 ddc
|4 0
|6 658_300000000000000_BLA
|7 0
|9 256596
|a MSLG
|b MSLG
|c BSC
|d 2021-01-17
|e 24
|f 0
|g 0.00
|i 2242
|l 0
|o 658.3 BLA
|p 2420000002242
|r 2021-01-17 00:00:00
|t 1
|w 2021-01-17
|y BK15
|x 19991111 0 1
|x GrPaTEI
|
| 952 |
|
|
|0 0
|1 0
|2 ddc
|4 0
|6 658_300000000000000_BLA
|7 0
|9 256597
|a MSLG
|b MSLG
|c BSC
|d 2021-01-17
|e 24
|f 0
|g 0.00
|i 2243
|l 0
|o 658.3 BLA
|p 2420000002243
|r 2021-01-17 00:00:00
|t 2
|w 2021-01-17
|y BK15
|x 19991111 0 1
|x GrPaTEI
|
| 952 |
|
|
|0 0
|1 0
|2 ddc
|4 0
|6 658_300000000000000_BLA
|7 0
|9 256598
|a MSLG
|b MSLG
|c BSC
|d 2021-01-17
|e 24
|f 0
|g 0.00
|i 2244
|l 0
|o 658.3 BLA
|p 2420000002244
|r 2021-01-17 00:00:00
|t 3
|w 2021-01-17
|y BK15
|x 19991111 0 1
|x GrPaTEI
|
| 998 |
|
|
|c ΑΔΑΜΟΠΟΥΛΟΥ
|d 2024-07
|
| 999 |
|
|
|c 150172
|d 150172
|